000 01514cam a22004097a 4500
003 CHAP
005 20220329142758.0
008 030910s2003 ii a r 00010 spa d
010 _a87675
011 _a88647
020 _a9793361050
035 _a99192
040 _cCHAP
082 0 4 _a634.928
_bF5
100 0 0 _aFerroukhi, Lyése
_eed.
_940439
245 1 3 _aLa gestión forestal municipal en América Latina
_c/ed. por Lyés Ferroukhi
260 _aBogor, Indonesia :
_bCentro Internacional para la Investigación Forestal,
_c2003.
300 _a236 p. :
_bilus.
590 _aBATCH-UPD
_b10
_c20130110
_lUCH01
_h0458
590 _aBATCH-UPD
_b10
_c20130110
_lUCH01
_h2148
590 _aBATCH-UPD
_b10
_c20130410
_lUCH01
_h0136
590 _aBATCH-UPD
_b10
_c20130410
_lUCH01
_h1626
590 _aBATCH-UPD
_b10
_c20130914
_lUCH01
_h0705
590 _aBATCH-UPD
_b10
_c20130914
_lUCH01
_h2142
590 _aCONVERSION
_b10
_c20130109
_lUCH01
_h1349
650 0 4 _aBosques
_xAdministración
_xAmérica Latina.
_914006
650 0 4 _aBosques
_xAdministración
_zBolivia.
_914034
650 0 4 _aBosques
_xAdministración
_zBrasil.
_914035
650 0 4 _aBosques
_xAdministración
_zCosta Rica.
_914036
650 0 4 _aBosques
_xAdministración
_zGuatemala.
_914037
650 0 4 _aBosques
_xAdministración
_zHonduras.
_914039
650 0 4 _aPolítica forestal
_xAmérica Latina.
_990566
901 _aBK
905 _aAlejandra Carrasco M.
942 _cLIBRO
949 _a634.928 F5
_bBC
_cLIBRO
_d33724000898086
_eLIBRO
_h103950
_i99192
_sb
999 _c87675
_d87675